British Clubs in the Champions League - Statistics

General Stats
  • This quiz has been taken 281 times
    228 since last reset
  • The average score is 64 of 78
Answer Stats
Season Round Club % Correct
Chelsea
100%
2003-04 Semi-finals Chelsea
100%
2011-12 Champions Chelsea
100%
2013-14 Semi-finals Chelsea
100%
Chelsea
100%
2020-21 Champions Chelsea
100%
1956-57 Semi-final Manchester United
100%
1957-58 Semi-final Manchester United
100%
1965-66 Semi-finals Manchester United
100%
1967-68 Champions Manchester United
100%
1968-69 Semi-finals Manchester United
100%
1993-94 Last 16 Manchester United
100%
1994-95 Last 16 Manchester United
100%
1996-97 Semi-finals Manchester United
100%
1997-98 Quarter-finals Manchester United
100%
1998-99 Champions Manchester United
100%
1999-2000 Quarter-finals Manchester United
100%
2001-02 Semi-finals Manchester United
100%
2002-03 Quarter-finals Manchester United
100%
2007-08 Champions Manchester United
100%
2008-09 Final Manchester United
100%
2009-10 Quarter-finals Manchester United
100%
2010-11 Final Manchester United
100%
2012-13 Last 16 Manchester United
100%
1982-83 Quarter-finals Aston Villa
99%
1964-65 Semi-finals Liverpool
99%
1976-77 Champions Liverpool
99%
1977-78 Champions Liverpool
99%
1980-81 Champions Liverpool
99%
Liverpool
99%
1983-84 Champions Liverpool
99%
1984-85 Final Liverpool
99%
2004-05 Champions Liverpool
99%
2006-07 Final Liverpool
99%
2017-18 Final Liverpool
99%
2018-19 Champions Liverpool
99%
2014-15 Last 16 Manchester City
98%
2015-16 Semi-finals Manchester City
98%
2019-20 Quarter-finals Manchester City
98%
1991-92 Last 16 Arsenal
96%
2005-06 Final Arsenal
96%
Arsenal
96%
Arsenal
96%
Arsenal
96%
1961-62 Semi-finals Tottenham Hotspur
95%
1978-79 Champions Nottingham Forest
93%
1979-80 Champions Nottingham Forest
93%
1981-82 Champions Aston Villa
92%
2016-17 Quarter-finals Leicester City
86%
1974-75 Final Leeds United
81%
2000-01 Semi-finals Leeds United
81%
1963-64 Preliminaries Everton
79%
Everton
79%
1966-67 Champions Celtic
64%
1969-70 Final Celtic
64%
1970-71 Quarter-finals Celtic
64%
1971-72 Semi-finals Celtic
64%
1973-74 Semi-finals Celtic
64%
1986-87 Last 16 Celtic
64%
1988-89 Last 16 Celtic
64%
1959-60 Semi-final Rangers
60%
Rangers
60%
Rangers
60%
1987-88 Quarter-finals Rangers
60%
1989-90 Round of 32 Rangers
60%
1990-91 Last 16 Rangers
60%
1992-93 Last 8 Rangers
60%
1995-96 Last 16 Rangers
60%
Blackburn Rovers
59%
1958-59 Last 16 Wolverhampton Wanderers
49%
1972-73 Semi-finals Derby County
42%
1975-76 Last 16 Derby County
42%
1985-86 Quarter-finals Aberdeen
38%
1960-61 Quarter-finals Burnley
37%
1962-63 Semi-finals Dundee
27%
1955-56 Semi-final Hibernian
19%
Linfield
4%
Distillery
2%
No matching quizzes found
Score Distribution
Percent of People with Each Score
Percentile by Number Answered
Your Score History
You have not taken this quiz since the last reset